000 00509nam a2200169Ia 4500
008 240729s9999 xx 000 0 und d
022 _a2632-2714
245 0 _aLetters in High Energy Physics
260 _aUnited Kingdom
260 _bAndromeda Publishing and Academic Services
650 _a Nuclear and particle physics. Atomic energy. Radioactivity
650 _a Physics
650 _aScience
856 _uhttps://doaj.org/toc/25458856f42c445ebf5ef5f2477f7fa4
942 _2ddc
942 _cDOAJEJ
999 _c72105
_d72105
945 _a1
_bMadushi Gamage
_c1
_dMadushi Gamage